| 000 | 00750nam a22002297a 4500 | ||
|---|---|---|---|
| 999 |
_c264488 _d264487 |
||
| 003 | OSt | ||
| 005 | 20240911101351.0 | ||
| 008 | 240911b xxu||||| |||| 00| 0 eng d | ||
| 010 | _a 2021315791 | ||
| 020 | _a9789966975416 | ||
| 040 | _c DLC | ||
| 050 |
_aGN487.7.C55 _b O53 2021 |
||
| 100 |
_a Okatch, Felix Owaga, _eauthor. |
||
| 245 |
_a Luo clans and legends / _c by Felix Owaga Okatch. |
||
| 260 |
_aNairobi : _b Pesisu Industries, _c 2021. |
||
| 300 |
_a l, 286 pages : _b illustrations ; _c 21 cm |
||
| 504 | _a Includes bibliographical references (pages 278-279) and index. | ||
| 650 |
_aClans _xHistory. _zKenya |
||
| 650 |
_a Luo (Kenyan and Tanzanian people) _x Kinship _z Kenya. |
||
| 650 | _a Genealogy. | ||
| 942 |
_2lcc _cBK |
||